000 00532nam a2200157 a 4500
008 120416s1973 ||||||||||||||||| || u
050 _aGN 484.45 Goo
100 _aGoody, Jack
245 1 0 _aBridewealth and dowry
260 _aCambridge
_bThe Univ. Press
_c1973
300 _a[x], 169p. : ill.
350 _a0.00
650 _aCULTURE
650 _aBRIDEWEALTH--DOWRY
995 _D0.00
_FCBU-MAIN LIBRARY (Kitwe)
_H1
_I12.95
_M1
_UAVAILABLE
_ZMain Library Open Access Collection
999 _c36126
_d36126